00333nam a2200121Ia 4500008004100000020001400041050001500055100002200070245004000092260004200132300002400174650001300198150202s9999 xx 000 0 und d a373224265 aFIC bFIC  aBurnes, Caroline. aFamiliar heart /cCaroline Burnes. aAustralia :bSilhouette Books,c1997. a245 pages :c18 cm. aFiction.